01533nam a2200289Ia 450000500170000000800410001702000150005804100080007310000360008124501100011725000260022726400340025330000450028733600270033233700330035933800280039249000280042050502560044852002570070460000670096165000400102865000420106865000300111070000570114004000350119708400110123220220316235320.0121119s2000 sp a gr 000 p spa  a84316322670 aspa1 aHernández, Miguel,d1910-194210aAntología poética cMiguel Hernández, selección, introducción y notas Agustín Sánchez Vidal aTercera reimpresión 1aBarcelonabVicens Vivesc2000 a180, 33 páginasbilustracionesc20 cm. atextobtxt2rdacontent asin mediaciónbn2rdamedia avolumenbnc2rdacarrier0 aClásicos hispánicos0 aPoemas de Adolescencia (1925-1932) ; Poesía en lunas (1933) ; Poesía pura (1933-1935) ; El rayo que no cesa (1936) ; Poesía impura (1935-1936) ; Viento del pueblo (1937) ; El hombre acecha (1939) ; Cancionero y romancero de ausencias (1938-1940)1 aSi existe un poeta del siglo xx en el que vida y obra se hermanan sin impostura, este es sin duda Miguel Hernández (1910-1942). Pocas obras presentan una coherencia tan sólida, tan rica de pasión y de talento, tan unida a un origen y a un destino14aHernández, Migueld1910-1942 xCrítica e interpretación14aPoesía españolaySiglo XX2LEMB14aLiteratura españolaySiglo XX2LEMB14aAutores españoles2LEMB1 aSánchez Vidal, Agustín eautor de introducción aCO-BoRNBPbspaerdacCO-BoRNBP aP HER6